Loading...
History - European History | 0 | 8 | 1 | 2 | 75 | 62 | 96.75 | 3 | 6 |
History - World History | 0 | 7 | 0 | 1 | 70 | 49 | 82.29 | 2 | 4 |
History - American History | 0 | 8 | 2 | 1 | 70 | 12 | 79.00 | 1 | 3 |
History - Other History | 0 | 6 | 0 | 0 | 60 | 60 | 84.00 | 0 | 2 |
Religion | 0 | 5 | 1 | 1 | 45 | 41 | 84.80 | 2 | 4 |
Philosophy | 0 | 1 | 0 | 1 | 10 | 129 | 129.00 | 0 | 0 |
Social Science | 0 | 1 | 0 | 0 | 10 | 60 | 60.00 | 0 | 1 |
Geography/Current Events | 0 | 1 | 0 | 1 | 10 | 130 | 130.00 | 1 | 1 |
Literature - American Literature | 0 | 1 | 0 | 0 | 10 | 101 | 101.00 | 0 | 0 |
Literature - European Literature | 0 | 1 | 0 | 0 | 10 | 134 | 134.00 | 0 | 0 |
Literature - World/Other Literature | 0 | 1 | 0 | 0 | 10 | 113 | 113.00 | 0 | 1 |
Science - Chemistry | 0 | 1 | 0 | 0 | 10 | 60 | 60.00 | 1 | 1 |
Fine Arts - Other Fine Arts | 0 | 0 | 0 | 0 | 0 | 0.00 | 0 | 0 | |
Fine Arts - Visual Fine Arts | 0 | 0 | 1 | 0 | -5 | 0.00 | 0 | 0 |